000 00654cam a2200217 4500500
005 20260405002423.0
041 _afre
042 _adc
100 1 0 _aTenaillon, Nicolas
_eauthor
245 0 0 _aAlpha mâle. Séduire les femmes pour s’apprécier entre hommes
260 _c2017.
500 _a52
690 _aDomination
690 _aMachisme
690 _aMâle
690 _aOppression
690 _aPhallocratie
690 _aSéduction
786 0 _nPhilosophie magazine | 108 | 4 | 2017-04-01 | p. 68-68 | 1951-1787
856 4 1 _uhttps://shs.cairn.info/magazine-philosophie-magazine-2017-4-page-68?lang=fr&redirect-ssocas=7080
999 _c2057500
_d2057500